000 00831nam a22001937a 4500
003 AM-YeHGA
005 20250617154040.0
008 180503s xxu||||| |||| 00| 0 rus d
040 _aAM-YeHGA
041 1 _arus
_hgeo
100 1 _aГурамишвили, Давид Георгиевич.
245 1 0 _aСтихотворения и поэмы /
_cДавид Гурамишвили; [Пер. с груз. Н. Заболоцкого]; [Вступ. статья и примеч. Г. Леонидзе].
260 _aЛенинград :
_bСов. писатель. [Ленингр. отд-ние],
_c1956.
300 _a319 с.
440 0 _aБиблиотека поэта. Малая серия. Издание 3-е
653 0 _aГрузинская литература
942 _2udc
_cBK
090 _c405952
999 _c403725
_d403725